000 00913nas a2200265 4500
001 BR8201495
003 BR-BrBNA
005 20231205085100.0
007 ta
008 230509b bl.|||p| |||| 00| 00por d
040 _aBR-BrBNA
_bpor
_cBiblioteca Nacional de Agricultura
041 _a(Pt)
072 _aL00
100 1 _aZanlorenzi, G.
100 1 _aLavorenti, N.A.
245 1 _aQuantificacao da influencia do cloreto de colina na produtividade de casulos de Bombyx mori L. [Bicho da seda]
246 1 _a[Quatification of the influence of choline chloride on cocoon productiveness of Bombyx mori L. [Silkworm]]
650 _aProducao animal
650 _aBicho da seda
650 _aSericicultura
650 _aCasulo
773 0 _tRevista de Agricultura (Brazil)
_xISSN 0034-7655
_g(Dec 1981), v. 56(4) p. 297-299
_wBR8201495
909 _a202311
_bLúcia
_c55
_dLúcia Elande
942 _2AGRIS
_n0
_cANA
999 _c109091
_d109091